<?xml version="1.0" encoding="UTF-8"?>
<marc:record xmlns:marc="http://www.loc.gov/MARC21/slim">
   <marc:leader>00000nam a2200000 a 4500</marc:leader>
   <marc:datafield ind1="1" ind2=" " tag="100">
      <marc:subfield code="a">Pantermüller, Alice</marc:subfield>
      <marc:subfield code="4">aut</marc:subfield>
      <marc:subfield code="e">Verfasser/-in</marc:subfield>
   </marc:datafield>
   <marc:datafield ind1="0" ind2="0" tag="245">
      <marc:subfield code="a">Mein Lotta-Leben[12]. Eine Natter macht die Flatter</marc:subfield>
   </marc:datafield>
   <marc:datafield ind1=" " ind2="1" tag="264">
      <marc:subfield code="b">Arena</marc:subfield>
   </marc:datafield>
   <marc:datafield ind1="1" ind2=" " tag="490">
      <marc:subfield code="a">Mein Lotta-Leben / Alice Pantermüller</marc:subfield>
   </marc:datafield>
   <marc:datafield ind1="1" ind2=" " tag="520">
      <marc:subfield code="a">Das ist ja wohl echt nicht mehr witzig! Seit Lottas Klasse das Unterhaltungsprogramm für die große Turnhallen-Einweihung probt, läuft alles schief. Während Cheyenne eine Hunde-Dressur mit Lämmer-Girl LivGrete einstudieren darf (Verrat!), muss Lotta mit Rocker Benni eine Zweiergruppe bilden. Und dann will der auch noch eine Clownsnummer aufführen. Voll peinlich! Gut, dass Papa noch ein altes Kostüm im Schrank hat und Lotta sich mit lustigen Auftritten auskennt ... (Verlagstext)</marc:subfield>
   </marc:datafield>
   <marc:datafield ind1=" " ind2=" " tag="020">
      <marc:subfield code="a">9783401601373</marc:subfield>
      <marc:subfield code="9">9783401601373</marc:subfield>
   </marc:datafield>
</marc:record>
